Normal view MARC view

Entry Personal Name

Number of records used in: 1

001 - CONTROL NUMBER

  • control field: 142

003 - CONTROL NUMBER IDENTIFIER

  • control field: DLC

005 - DATE AND TIME OF LATEST TRANSACTION

  • control field: 20191114095444.0

008 - FIXED-LENGTH DATA ELEMENTS

  • fixed length control field: 800515n| aaannaabn |a aaa

010 ## - LIBRARY OF CONGRESS CONTROL NUMBER

  • LC control number: n 50024025

035 ## - SYSTEM CONTROL NUMBER

  • System control number: (OCoLC)oca00059435

040 ## - CATALOGING SOURCE

  • Original cataloging agency: DLC
  • Language of cataloging: eng
  • Transcribing agency: DLC
  • Modifying agency: NjP
  • Modifying agency: DLC
  • Modifying agency: OCoLC
  • Modifying agency: DLC

046 ## - SPECIAL CODED DATES

  • Birth date: 1912
  • Death date: 1978

053 #0 - LC CLASSIFICATION NUMBER

  • Classification number element--single number or beginning number of span: PR6037.H73

100 0# - HEADING--PERSONAL NAME

  • Personal name: Shriman Narayan,
  • Dates associated with a name: 1912-1978

400 1# - SEE FROM TRACING--PERSONAL NAME

  • Personal name: Agarwal, S. N.
  • Fuller form of name: (Shriman Narayan),
  • Dates associated with a name: 1912-1978

400 1# - SEE FROM TRACING--PERSONAL NAME

  • Personal name: Agarwal, Shriman Narayan,
  • Dates associated with a name: 1912-1978

400 1# - SEE FROM TRACING--PERSONAL NAME

  • Personal name: Agarwala, Shriman Narayan,
  • Dates associated with a name: 1912-1978

400 1# - SEE FROM TRACING--PERSONAL NAME

  • Personal name: Narayan, Shriman,
  • Dates associated with a name: 1912-1978

400 0# - SEE FROM TRACING--PERSONAL NAME

  • Personal name: Śrīmannārāyaṇa,
  • Dates associated with a name: 1912-1978

670 ## - SOURCE DATA FOUND

  • Source citation: Author's The medium of instruction, 1942.

670 ## - SOURCE DATA FOUND

  • Source citation: The fountain of life, 1961:
  • Information found: t.p. (Shriman Narayan)

670 ## - SOURCE DATA FOUND

  • Source citation: Gandhian plan reaffirmed, 1948:
  • Information found: t.p. (S.N. Agarwal)

Powered by Koha